ბათუმის შოთა რუსთაველის სახელმწიფო უნივერსიტეტის ბიბლიოთეკა

უცხო სიტყვათა სასკოლო ლექსიკონი / (ბიბ.ჩანაწერი № 52947)

000 -ლიდერი
ფიქსირებული სიგრძის საკონტროლო ველი 01142nam a2200265Ia 4500
001 - საკონტროლო ნომერი
საკონტროლო ველი 19978
003 - საკონტროლო ნომრის იდენტიფიკატორი
საკონტროლო ველი GE_BSU
005 - ბოლო ოპერაციის თარიღი და დრო
საკონტროლო ველი 20200524221722.0
008 - ფიქსირებული სიგრძის მონაცემთა ელემენტები - ზოგადი ინფორმაცია
ფიქსირებული სიგრძის საკონტროლო ველი 181216s1999||||ge |||||||||||||| ||geo||
020 ## - წიგნის საერთაშორისო სტანდარტული ნომერი
International Standard Book Number 99928-52-14-3
040 ## - კატალოგიზაციის წყარო
Transcribing agency GE_BSU
041 ## - ენის კოდი
Language code of text/sound track or separate title geo
080 ## - უნივერსალური ათობითი კლასიფიკაციის ინდექსი
Universal Decimal Classification number 81'374.25=353.1 ჭ-12
100 ## - მთავარი ჩანაწერი - პიროვნების სახელი
Personal name ჭაბაშვილი, მიხეილ
9 (RLIN) 8169
245 ## - ცნობა სათაურის შესახებ
Title უცხო სიტყვათა სასკოლო ლექსიკონი /
Statement of responsibility, etc მიხეილ ჭაბაშვილი ; ნოდარ ლადარიას რედაქციით
250 ## - გამოცემის ცნობა
Edition statement I-ლი გამოცემა
264 ## - წარმოების, გამოცემის, დისტრიბუციის და სხვა ცნობები
გამოცემის, წარმოების, დისტრიბუციის... ადგილი თბილისი :
გამოცემის, წარმოების, დისტრიბუციის... სახელწოდება ბაკურ სულაკაურის გამ-ბა,
გამოცემის, წარმოების, დისტრიბუციის... თარიღი 1999.
300 ## - ფიზიკური აღწერა
Extent 243 გვ. ;
Dimensions 22 სმ.
490 ## - სერიის ცნობა
Series statement სასკოლო გამოცემა
653 ## - INDEX TERM--UNCONTROLLED
Uncontrolled term უცხო სიტყვათა სასკოლო ლექსიკონი
653 ## - INDEX TERM--UNCONTROLLED
Uncontrolled term ქართული ენა
700 ## - ADDED ENTRY--PERSONAL NAME
Personal name ლადარია, ნოდარ
Relator term რედაქტორი
9 (RLIN) 8170
942 ## - ADDED ENTRY ELEMENTS (KOHA)
Koha item type წიგნი
Source of classification or shelving scheme
ეგზემპლარები
ჩამოწერის სტატუსი დაკარგული ეგზემპლარის სტატუსი კლასიფიკაციის წყარო ან თაროზე გაწყობის სქემა დაზიანების სტატუსი არ გაიცემა მუდმივი მდებარეობა (დაცვის ადგილი) ამჟამინდელი ადგილსამყოფელი თაროზე განთავსების ადგილი შეძენის თარიღი ღირებულება, შესყიდვის ნორმალური ფასი სრული შენახვის შიფრი შტრიხკოდი ბოლო ოპერაციის თარიღი ეგზემპლარის მიმდევრობითი ნომერი (კეტერი?) ფასის ძალაში შესვლის თარიღი ეგზემპლარის სახეობა საჯარო შენიშვნა
          ბათუმის შოთა რუსთაველის სახელმწიფო უნივერსიტეტის მთავარი ბიბლიოთეკა ბათუმის შოთა რუსთაველის სახელმწიფო უნივერსიტეტის მთავარი ბიბლიოთეკა წიგნსაცავი 2018-12-17 12.00 81'374.25=353.1 ჭ-12 52605 2018-12-17 52605 2018-12-17 წიგნი 12.00 ლ